Project Management for Dummies / (Record no. 592947)

000 -LEADER
fixed length control field 00890nam a22002057a 4500
003 - CONTROL NUMBER IDENTIFIER
control field NUST
005 - DATE AND TIME OF LATEST TRANSACTION
control field 20230118125406.0
008 - FIXED-LENGTH DATA ELEMENTS--GENERAL INFORMATION
fixed length control field 230118b ||||| |||| 00| 0 eng d
020 ## - INTERNATIONAL STANDARD BOOK NUMBER
International Standard Book Number 9788126542574
082 ## - DEWEY DECIMAL CLASSIFICATION NUMBER
Classification number 658.404,POR
100 ## - MAIN ENTRY--PERSONAL NAME
Personal name E. Portny, Stanley
9 (RLIN) 106976
245 ## - TITLE STATEMENT
Title Project Management for Dummies /
Statement of responsibility, etc. Stanley E. Portny,
250 ## - EDITION STATEMENT
Edition statement 4th edition
260 ## - PUBLICATION, DISTRIBUTION, ETC.
Place of publication, distribution, etc. John Wiley
Name of publisher, distributor, etc. India
Date of publication, distribution, etc. 2013
300 ## - PHYSICAL DESCRIPTION
Extent xv, 390 p
505 ## - FORMATTED CONTENTS NOTE
Formatted contents note Part I. Getting started with Project Management (Page-7), Part II. Planning time determining when and how much (Page-105), Part III. Group work putting your team together (Page-197), Part IV. Steering the ship managing your project to success (Page-255), Part V. Taking your project management to the next level (Page-327), Part VI. The part of tens (Page-359).
650 ## - SUBJECT ADDED ENTRY--TOPICAL TERM
Topical term or geographic name entry element Project Management
651 ## - SUBJECT ADDED ENTRY--GEOGRAPHIC NAME
Geographic name Dummies
9 (RLIN) 106977
942 ## - ADDED ENTRY ELEMENTS (KOHA)
Source of classification or shelving scheme
Koha item type Book
Holdings
Withdrawn status Lost status Source of classification or shelving scheme Damaged status Not for loan Permanent Location Current Location Shelving location Date acquired Total Checkouts Full call number Barcode Date last seen Price effective from Koha item type Public note
          Military College of Signals (MCS) Military College of Signals (MCS) General Stacks 01/18/2023   658.404,POR MCS37771 01/18/2023 01/18/2023 Book Almirah No.42, Shelf No.6
© 2023 Central Library, National University of Sciences and Technology. All Rights Reserved.